000 01154nam a2200313 a 4500
003 DO-SdBNP
005 20250212081234.0
007 ta
008 091102s2000 dr r 000 f spa d
020 _a9993480045
040 _aDO-SdBNP
_bspa
_cDO-SdBNP
_erda
082 4 _aRD863.4
_bC422s, 2000
_222
100 1 _aCestero, Tulio M.,
_q(Tulio Manuel),
_d1877-1955
_eautor
_4aut.
_91698
245 1 3 _aLa sangre :
_buna vida bajo la tiranía /
_cTulio Manuel Cestero ; edición, Diógenes Céspedes ; prólogo, Fernando Valerio-Holguín.
264 4 _aSanto Domingo :
_bEditora Manatí,
_c©2000.
300 _a199 páginas ;
_c21 cm.
336 _atexto
_btxt
_2rdacontent
337 _asin mediación
_bn
_2rdamedia
338 _avolumen
_bnc
_2rdacarrier
490 _aColección Clásicos de Editora Manatí
590 _aInventariado, 2019/BT
650 4 _aNovela dominicana
_9223
650 4 _aLiteratura dominicana.
_967
700 1 _aValerio-Holguín, Fernando,
_eprologuista
_4pr.
_919580
700 1 _aCéspedes, Diógenes,
_d1941-
_eedición
_4ed.
_920548
910 _aValidado. Control de calidad. MMOLINA
942 _2ddc
_cLBS1
956 _aVMateo
999 _c11630
_d11630